<?xml version="1.0" encoding="UTF-8"?>
<record
    xmlns:xsi="http://www.w3.org/2001/XMLSchema-instance"
    xsi:schemaLocation="http://www.loc.gov/MARC21/slim http://www.loc.gov/standards/marcxml/schema/MARC21slim.xsd"
    xmlns="http://www.loc.gov/MARC21/slim">

  <leader>01590nam a22002657a 4500</leader>
  <controlfield tag="003">OSt</controlfield>
  <controlfield tag="005">20230821093321.0</controlfield>
  <controlfield tag="008">120716t        xxu||||| |||| 00| 0 eng d</controlfield>
  <datafield tag="010" ind1=" " ind2=" ">
    <subfield code="a">2006047146</subfield>
  </datafield>
  <datafield tag="020" ind1=" " ind2=" ">
    <subfield code="a">9780073402949</subfield>
  </datafield>
  <datafield tag="020" ind1=" " ind2=" ">
    <subfield code="a">007340294X</subfield>
  </datafield>
  <datafield tag="040" ind1=" " ind2=" ">
    <subfield code="c">LC</subfield>
  </datafield>
  <datafield tag="050" ind1=" " ind2=" ">
    <subfield code="a">QA76.9.S88.W47</subfield>
  </datafield>
  <datafield tag="100" ind1=" " ind2=" ">
    <subfield code="a">Whitten, Jeffery L.</subfield>
    <subfield code="9">2216</subfield>
  </datafield>
  <datafield tag="245" ind1=" " ind2=" ">
    <subfield code="a">Introduction to systems analysis and design. /</subfield>
    <subfield code="c">Jeffery L. Whitten and Lonnnie D. Bentley</subfield>
  </datafield>
  <datafield tag="260" ind1=" " ind2=" ">
    <subfield code="a">New York:</subfield>
    <subfield code="b">McGraw-Hill/Irwin,</subfield>
    <subfield code="c">2008.</subfield>
  </datafield>
  <datafield tag="300" ind1=" " ind2=" ">
    <subfield code="a">xv, 609 p.:</subfield>
    <subfield code="b">ill. (some col.);</subfield>
    <subfield code="c">29 cm</subfield>
  </datafield>
  <datafield tag="500" ind1=" " ind2=" ">
    <subfield code="a">Includes index.</subfield>
  </datafield>
  <datafield tag="505" ind1=" " ind2=" ">
    <subfield code="a">Contents: The context of systems development projects: The context of systems analysis and design methods --  Information systems development --  Project management --  Systems design methods: Systems analysis --  Fact-finding techniques for requirements discovery --  Modeling system requirements with use cases --  Data modeling and analysis --  Process modeling --  Object-oriented analysis and modeling using the UML --  Feasibility analysis and the system proposal -- System design methods: Systems design --  Application architecture and modeling --  Database design --  Output design and prototyping --  Input design and prototyping --  User interface design --  Object-oriented design and modeling using the UML -- Beyond systems analysis and design: Systems construction and implementation --  Glossary -- </subfield>
  </datafield>
  <datafield tag="650" ind1=" " ind2=" ">
    <subfield code="a">System design </subfield>
    <subfield code="9">2217</subfield>
  </datafield>
  <datafield tag="650" ind1=" " ind2=" ">
    <subfield code="a">System analysis </subfield>
    <subfield code="9">2218</subfield>
  </datafield>
  <datafield tag="650" ind1=" " ind2=" ">
    <subfield code="a">Information technology</subfield>
    <subfield code="9">256</subfield>
  </datafield>
  <datafield tag="700" ind1=" " ind2=" ">
    <subfield code="a">Bentley, Lonnie D.</subfield>
    <subfield code="9">2219</subfield>
  </datafield>
  <datafield tag="942" ind1=" " ind2=" ">
    <subfield code="2">lcc</subfield>
    <subfield code="c">BK</subfield>
  </datafield>
  <datafield tag="999" ind1=" " ind2=" ">
    <subfield code="c">7444</subfield>
    <subfield code="d">14944</subfield>
  </datafield>
  <datafield tag="952" ind1=" " ind2=" ">
    <subfield code="0">0</subfield>
    <subfield code="1">0</subfield>
    <subfield code="2">lcc</subfield>
    <subfield code="4">0</subfield>
    <subfield code="7">0</subfield>
    <subfield code="a">WIUC-KL</subfield>
    <subfield code="b">WIUC-KL</subfield>
    <subfield code="c">GEN</subfield>
    <subfield code="d">2019-11-15</subfield>
    <subfield code="o">QA76.9.S88.W47</subfield>
    <subfield code="p">K/2403/2403/19</subfield>
    <subfield code="r">2020-07-06 00:00:00</subfield>
    <subfield code="w">2020-07-06</subfield>
    <subfield code="y">BK</subfield>
  </datafield>
</record>
